[Event "Bratto op-A 27th"]
[Site "Bratto"]
[Date "2007.08.30"]
[Round "8"]
[White "Capurro, Giuliano"]
[Black "Pulvirenti, Gianni"]
[Result "1-0"]
[WhiteElo "2139"]
[BlackElo "1987"]
[PlyCount "125"]
[EventDate "2007.08.23"]
[EventType "swiss"]
[EventRounds "9"]
[EventCountry "ITA"]
[SourceTitle "CBM 120 Extra"]
[Source "ChessBase"]
[SourceDate "2007.11.01"]
[SourceVersion "1"]
[SourceVersionDate "2007.11.01"]
[SourceQuality "1"]

1. e4 d5 2. exd5 Nf6 3. Nf3 Nxd5 4. d4 Bf5 5. Bd3 Bxd3 6. Qxd3 c6 7. 0-0 e6 8. c4 Nf6 9. Nc3 Be7 10. Bf4 0-0 11. Rad1 Qa5 12. Rfe1 Bb4 13. Be5 Nbd7 14. h3 Rad8 15. Qd2 Qa6 16. a3 Nxe5 17. Nxe5 Bd6 18. Qe2 Qa5 19. f4 Rfe8 20. Ne4 Nxe4 21. Qxe4 Qc7 22. g3 Qb8 23. Nf3 c5 24. Ng5 g6 25. d5 exd5 26. Qxd5 Rxe1+ 27. Rxe1 Qc7 28. Qf3 Be7 29. Ne4 Rd4 30. Nc3 Qd7 31. Nd5 Bd8 32. b3 Kg7 33. g4 b5 34. Rd1 Bf6 35. Re1 bxc4 36. bxc4 Rxc4 37. Rd1 Bd4+ 38. Kh1 Rc2 39. Qe4 Qa4 40. Re1 Qxa3 41. Qxc2 Qxh3+ 42. Qh2 Qxg4 43. Ne3 Qf3+ 44. Ng2 h5 45. Qh4 a5 46. Kh2 a4 47. Re8 Qf1 48. Qe1 Qf3 49. Qe7 Qf2 50. Qe1 Qf3 51. Qe2 Qc3 52. Qe7 a3 53. Qf8+ Kf6 54. Qh8+ Kf5 55. Qh6 Bf6 56. Ne3+ Qxe3 57. Rxe3 a2 58. Ra3 a1Q 59. Rxa1 Bxa1 60. Qg5+ Ke6 61. Qxc5 Kf6 62. Qf8 Ke6 63. Qe8+ 1-0

[Event "Bratto op-A 27th"]
[Site "Bratto"]
[Date "2007.08.24"]
[Round "2"]
[White "Lampl, Gerald"]
[Black "Pulvirenti, Gianni"]
[Result "1-0"]
[WhiteElo "2099"]
[BlackElo "1987"]
[PlyCount "55"]
[EventDate "2007.08.23"]
[EventType "swiss"]
[EventRounds "9"]
[EventCountry "ITA"]
[SourceTitle "CBM 120 Extra"]
[Source "ChessBase"]
[SourceDate "2007.11.01"]
[SourceVersion "1"]
[SourceVersionDate "2007.11.01"]
[SourceQuality "1"]

1. d4 g6 2. c4 d6 3. Nc3 Nd7 4. e4 Bg7 5. Be3 c6 6. Qd2 a6 7. Bd3 e5 8. Nge2 Qc7 9. f3 Ndf6 10. 0-0 Ne7 11. dxe5 dxe5 12. Na4 Be6 13. Bb6 Qc8 14. Qb4 Nd7 15. Rfd1 f5 16. Qd6 Kf7 17. Nec3 Bf8 18. Qc7 Nxb6 19. Qxb6 Bg7 20. Rac1 Rd8 21. Nd5 Bf8 22. Be2 Rb8 23. Qf2 Nxd5 24. cxd5 Bd7 25. Bc4 b5 26. Nb6 Rxb6 27. Qxb6 bxc4 28. dxc6 1-0

[Event "Bratto op 26th"]
[Site "Bratto"]
[Date "2006.08.27"]
[Round "9"]
[White "Pulvirenti, Gianni"]
[Black "Ranfagni, Stefano"]
[Result "1/2-1/2"]
[WhiteElo "1970"]
[BlackElo "2016"]
[PlyCount "110"]
[EventDate "2006.08.19"]
[EventType "swiss"]
[EventRounds "9"]
[EventCountry "ITA"]
[SourceTitle "CBM 113 Extra"]
[Source "ChessBase"]
[SourceDate "2006.09.14"]
[SourceVersion "1"]
[SourceVersionDate "2006.09.14"]
[SourceQuality "1"]

1. c4 e6 2. Nf3 f5 3. g3 Nf6 4. Bg2 Be7 5. Nc3 0-0 6. 0-0 d6 7. d3 e5 8. b4 Qe8 9. b5 Nbd7 10. a4 Nc5 11. Nd2 Rb8 12. Ba3 Ne6 13. Rb1 f4 14. Nd5 Bd8 15. e3 Qg6 16. Qe2 Kh8 17. Ne4 Nxd5 18. cxd5 Ng5 19. Nxg5 Bxg5 20. Rbc1 Qf7 21. exf4 exf4 22. gxf4 Bxf4 23. Rc4 Qg6 24. Kh1 Bg4 25. f3 Bh5 26. Bh3 Rbe8 27. Be6 Qg5 28. Bb2 Be3 29. Qg2 Rxf3 30. Bxg7+ Qxg7 31. Qxg7+ Kxg7 32. Rxc7+ Kh6 33. Re1 Ref8 34. h4 Rf1+ 35. Rxf1 Rxf1+ 36. Kg2 Rf2+ 37. Kg3 Rf3+ 38. Kg2 Rf2+ 39. Kg3 Rf6 40. Rxb7 Rg6+ 41. Kh3 Bf3 42. Rf7 Bg2+ 43. Kh2 Bd4 44. Bf5 Bxd5 45. Bxg6 Kxg6 46. Rd7 Be5+ 47. Kg1 Be6 48. Rb7 Bf5 49. Kg2 Bd4 50. Kf3 Bxd3 51. a5 Kh5 52. b6 axb6 53. axb6 Kxh4 54. Rd7 Bxb6 55. Rxd6 Bg6 1/2-1/2

[Event "Bratto op 25th"]
[Site "Bratto"]
[Date "2005.08.27"]
[Round "8"]
[White "Cereda, Loris"]
[Black "Pulvirenti, Gianni"]
[Result "1/2-1/2"]
[WhiteElo "2059"]
[BlackElo "1965"]
[PlyCount "79"]
[EventDate "2005.08.20"]
[EventType "swiss"]
[EventRounds "9"]
[EventCountry "ITA"]
[SourceTitle "CBM 108 Extra"]
[Source "ChessBase"]
[SourceDate "2005.11.04"]
[SourceVersion "1"]
[SourceVersionDate "2005.11.04"]
[SourceQuality "1"]

1. e4 d5 2. exd5 Nf6 3. Nc3 Nxd5 4. Bc4 Nf6 5. Nf3 Bf5 6. d4 e6 7. Ne5 c6 8. Bf4 Bb4 9. 0-0 0-0 10. Ne2 Nbd7 11. c3 Ba5 12. Ng3 Bg6 13. Qe2 Nxe5 14. Bxe5 Re8 15. f4 Nd5 16. f5 exf5 17. Qf3 f4 18. Bxf4 Qd7 19. Bg5 Bc7 20. Rae1 h6 21. Bd2 Qd6 22. Bd3 Rad8 23. c4 Nf6 24. Bxg6 fxg6 25. Bc3 Rf8 26. Qd3 Kh7 27. Re2 Rde8 28. Ref2 Ng4 29. Rxf8 Rxf8 30. Rxf8 Qxf8 31. Qf3 Nf6 32. Ne4 Qe7 33. Nxf6+ gxf6 34. d5 cxd5 35. Qxd5 Qe3+ 36. Kf1 Qf4+ 37. Ke2 Qg4+ 38. Kf1 Qf4+ 39. Ke2 Qg4+ 40. Kf1 1/2-1/2